[Event "SR 2. liga A 2008/2009"]
[Site "?"]
[Date "2008.11.08"]
[Round "3.6"]
[White "Lesny, Stefan"]
[Black "Puchart, Vladimir"]
[Result "1-0"]
[WhiteElo "2105"]
[BlackElo "2024"]
[PlyCount "71"]
[EventDate "2008.??.??"]
[WhiteTeam "Slovakia"]
[BlackTeam "Slovakia"]
[WhiteTeamCountry "SVK"]
[BlackTeamCountry "SVK"]

1. e4 c5 2. f4 Nc6 3. Nf3 g6 4. d3 Bg7 5. c3 d5 6. e5 Bg4 7. h3 Bxf3 8. Qxf3 e6
9. Be2 h5 10. O-O h4 11. Qf2 Bf8 12. Nd2 Nh6 13. Nf3 Nf5 14. Re1 Be7 15. Bd1
Qa5 16. Kh2 O-O-O 17. Bc2 Kb8 18. Bd2 Qb6 19. b3 Rc8 20. a3 Rhd8 21. Reb1 Qc7
22. b4 cxb4 23. axb4 b6 24. Ba4 Rg8 25. Bb5 Rcf8 26. Ra2 f6 27. Rba1 g5 28.
Bxc6 Qxc6 29. Rxa7 g4 30. hxg4 Rxg4 31. b5 Qxb5 32. exf6 Rxf6 33. Ne5 Rh6 34.
Ra8+ Kc7 35. R1a7+ Kd6 36. Nf7+ 1-0

[Event "SR 2. liga A 2008/2009"]
[Site "?"]
[Date "2008.11.08"]
[Round "3.6"]
[White "Tomanek, Rafael"]
[Black "Zacik, Anton"]
[Result "1-0"]
[WhiteElo "1979"]
[BlackElo "2048"]
[PlyCount "67"]
[EventDate "2008.??.??"]
[WhiteTeam "Slovakia"]
[BlackTeam "Slovakia"]
[WhiteTeamCountry "SVK"]
[BlackTeamCountry "SVK"]

1. d4 Nf6 2. Nf3 g6 3. c4 Bg7 4. Nc3 d5 5. cxd5 Nxd5 6. g3 Nxc3 7. bxc3 c5 8.
Bg2 Nc6 9. e3 Qa5 10. Bd2 c4 11. O-O Bg4 12. h3 Bd7 13. Qe2 Rc8 14. Rfb1 b5 15.
Qd1 Nb8 16. Ng5 O-O 17. Ne4 Na6 18. a4 bxa4 19. Rb7 Rc7 20. Rxc7 Qxc7 21. Bc1
Rb8 22. Ba3 Bf8 23. d5 Qe5 24. f4 Qg7 25. d6 e6 26. Bc5 f5 27. Bd4 fxe4 28.
Bxg7 Bxg7 29. Rxa4 Nc5 30. Rxc4 Nd3 31. Rc7 Rb2 32. Rxd7 Bxc3 33. Rxa7 Ne1 34.
Bxe4 1-0

[Event "SR 2. liga A 2008/2009"]
[Site "?"]
[Date "2008.11.08"]
[Round "3.7"]
[White "Curidlo, Jan"]
[Black "Milanov, Jasen"]
[Result "0-1"]
[WhiteElo "1979"]
[BlackElo "1952"]
[PlyCount "88"]
[EventDate "2008.??.??"]
[WhiteTeam "Piestany"]
[BlackTeam "Dopr.Podnik BA"]
[WhiteTeamCountry "SVK"]
[BlackTeamCountry "SVK"]

1. e4 e6 2. d4 d5 3. Nd2 dxe4 4. Nxe4 Nd7 5. c3 Ngf6 6. Bg5 Be7 7. Nxf6+ Nxf6
8. Bd3 Bd7 9. Nf3 c5 10. Bxf6 gxf6 11. Qc2 Rc8 12. O-O cxd4 13. Nxd4 Bc5 14.
Nb3 Bd6 15. Qe2 Qc7 16. g3 h5 17. Be4 h4 18. Qf3 Ke7 19. Rae1 Bb5 20. Bd3 Bc6
21. Be4 Bb5 22. Bd3 Bxd3 23. Qxd3 hxg3 24. hxg3 Rh3 25. Re3 Rch8 26. Nd4 Be5
27. Kg2 Qa5 28. Qb5 Qc7 29. Qb4+ Ke8 30. Qb5+ Kf8 31. Qd3 a6 32. Rd1 f5 33. Ne2
Qc6+ 34. Rf3 Rh2+ 35. Kf1 Kg7 36. Qe3 Bf6 37. Ng1 Qc4+ 38. Qe2 Qxa2 39. Rfd3
Rh1 40. R3d2 Qa4 41. Qf3 Qc4+ 42. Qd3 Qg4 43. f4 Rd8 44. Qc2 Qf3+ 0-1

[Event "SR 2. liga A 2008/2009"]
[Site "?"]
[Date "2008.11.08"]
[Round "3.7"]
[White "Kollarik, Gorazd"]
[Black "Farkas, Vladimir"]
[Result "1/2-1/2"]
[WhiteElo "1941"]
[BlackElo "2035"]
[PlyCount "53"]
[EventDate "2008.??.??"]
[WhiteTeam "Slovakia"]
[BlackTeam "Slovakia"]
[WhiteTeamCountry "SVK"]
[BlackTeamCountry "SVK"]

1. e4 d6 2. d4 g6 3. Nf3 Nf6 4. Nc3 Bg7 5. Be2 O-O 6. O-O c6 7. Bg5 h6 8. Be3
Qc7 9. h3 e5 10. dxe5 dxe5 11. Qc1 Kh7 12. Rd1 Nbd7 13. Qd2 Qa5 14. a3 Re8 15.
b4 Qc7 16. Qd6 Qd8 17. Bc4 Bf8 18. Qd2 Qe7 19. Qe2 b5 20. Bd3 Nh5 21. g3 a5 22.
Rab1 Qe6 23. Kh2 axb4 24. axb4 Ra3 25. Qe1 Ndf6 26. Ng1 Ng7 27. Rb2 1/2-1/2

[Event "SR 2. liga A 2008/2009"]
[Site "?"]
[Date "2008.11.08"]
[Round "3.7"]
[White "Mosny, Jaroslav"]
[Black "Ujhelyi, Matus"]
[Result "1/2-1/2"]
[WhiteElo "2018"]
[BlackElo "1926"]
[PlyCount "82"]
[EventDate "2008.??.??"]
[WhiteTeam "Slovakia"]
[BlackTeam "Slovakia"]
[WhiteTeamCountry "SVK"]
[BlackTeamCountry "SVK"]

1. d4 Nf6 2. Nf3 g6 3. g3 Bg7 4. Bg2 O-O 5. O-O d6 6. c4 Nbd7 7. Nc3 c6 8. e4
e5 9. h3 Re8 10. Re1 a5 11. b3 exd4 12. Nxd4 Nc5 13. Bb2 Qb6 14. Rb1 Nh5 15.
Kh2 Bd7 16. Qd2 Rad8 17. f4 f5 18. exf5 gxf5 19. Rxe8+ Rxe8 20. Re1 Qd8 21.
Rxe8+ Qxe8 22. Bf3 Nf6 23. Nde2 Qe7 24. Kg2 h6 25. Nd4 Bc8 26. Nce2 Kf7 27.
Qxa5 Nfe4 28. b4 Nd3 29. Nxf5 Qe6 30. Ned4 Bxd4 31. Bxd4 Qxf5 32. Qc7+ Bd7 33.
Bg4 Ne1+ 34. Kf1 Nxg3+ 35. Kxe1 Qe4+ 36. Kf2 Nh1+ 37. Kg1 Qxd4+ 38. Kxh1 Qe4+
39. Kg1 Qe1+ 40. Kg2 Qe4+ 41. Kg3 Qe1+ 1/2-1/2

[Event "SR 2. liga A 2008/2009"]
[Site "?"]
[Date "2008.11.08"]
[Round "3.7"]
[White "Pericka, Tomas"]
[Black "Stefan, Oldrich"]
[Result "0-1"]
[WhiteElo "1905"]
[BlackElo "2030"]
[PlyCount "62"]
[EventDate "2008.??.??"]
[WhiteTeam "Slovakia"]
[BlackTeam "Slovakia"]
[WhiteTeamCountry "SVK"]
[BlackTeamCountry "SVK"]

1. e4 c5 2. Nf3 Nc6 3. d4 cxd4 4. Nxd4 Nf6 5. Nc3 d6 6. Be3 e5 7. Nf3 Be6 8.
Bb5 Be7 9. Qd2 O-O 10. Rd1 Ng4 11. Bg5 Bxg5 12. Nxg5 Nd4 13. O-O h6 14. Nxe6
fxe6 15. h3 Nf6 16. Bd3 Qb6 17. Ne2 d5 18. c3 Nc6 19. Ng3 Rad8 20. Qe2 a6 21.
Kh1 Qa5 22. Bb1 b5 23. f4 exf4 24. exd5 fxg3 25. Qxe6+ Kh8 26. Qxc6 Qa4 27. Qc7
Qh4 28. d6 Ng4 29. Rxf8+ Rxf8 30. Qe7 Nf2+ 31. Kg1 Qf4 0-1

[Event "SR 2. liga A 2008/2009"]
[Site "?"]
[Date "2008.11.08"]
[Round "3.7"]
[White "Priam, Stefan"]
[Black "Srna, Jan"]
[Result "0-1"]
[WhiteElo "1898"]
[BlackElo "2042"]
[PlyCount "56"]
[EventDate "2008.??.??"]
[WhiteTeam "Slovakia"]
[BlackTeam "Slovakia"]
[WhiteTeamCountry "SVK"]
[BlackTeamCountry "SVK"]

1. d4 e6 2. c4 f5 3. e4 fxe4 4. Nc3 Nf6 5. Bg5 Bb4 6. Qc2 O-O 7. Nge2 d5 8.
cxd5 exd5 9. a3 Bxc3+ 10. Nxc3 c6 11. Be2 Qe8 12. O-O Qg6 13. Bh4 Bh3 14. Bg3
Bf5 15. Qd2 Nbd7 16. Rac1 Rae8 17. b4 Re6 18. Nd1 Bg4 19. Ne3 Bxe2 20. Qxe2 Nh5
21. b5 Nb6 22. bxc6 Nxg3 23. hxg3 bxc6 24. g4 Qf6 25. Qd1 Qh4 26. Nf5 Rxf5 27.
gxf5 Rh6 28. f3 e3 0-1

[Event "SR 2. liga A 2008/2009"]
[Site "?"]
[Date "2008.11.08"]
[Round "3.7"]
[White "Sustak, Roman"]
[Black "Vrba, Michal"]
[Result "0-1"]
[WhiteElo "1975"]
[BlackElo "1974"]
[PlyCount "50"]
[EventDate "2008.??.??"]
[WhiteTeam "Slovakia"]
[BlackTeam "Slovakia"]
[WhiteTeamCountry "SVK"]
[BlackTeamCountry "SVK"]

1. Nf3 Nf6 2. g3 g6 3. Bg2 Bg7 4. O-O O-O 5. c4 c5 6. Nc3 Nc6 7. a3 d6 8. Rb1
Bf5 9. d3 Qc8 10. Re1 Bh3 11. Bh1 Nh5 12. Qc2 Nd4 13. Nxd4 cxd4 14. Nd5 Re8 15.
b4 Qd7 16. b5 e6 17. Nb4 f5 18. e3 dxe3 19. fxe3 e5 20. Nd5 f4 21. Qf2 fxg3 22.
hxg3 Rf8 23. Bf3 Bg4 24. Bxg4 Qxg4 25. Qg2 Rf3 0-1

[Event "SR 2. liga A 2008/2009"]
[Site "?"]
[Date "2008.11.08"]
[Round "3.8"]
[White "Czucz, Andrej"]
[Black "Soldan, Jan"]
[Result "1-0"]
[WhiteElo "2004"]
[BlackElo "1934"]
[PlyCount "63"]
[EventDate "2008.??.??"]
[WhiteTeam "Slovakia"]
[BlackTeam "Slovakia"]
[WhiteTeamCountry "SVK"]
[BlackTeamCountry "SVK"]

1. c4 Nf6 2. Nc3 g6 3. g3 Bg7 4. Bg2 O-O 5. e4 d6 6. Nge2 e5 7. h3 Be6 8. d3
Nbd7 9. O-O a5 10. Be3 Nc5 11. Qd2 Qd7 12. g4 h5 13. f3 Rad8 14. Ng3 hxg4 15.
hxg4 Nh7 16. Kf2 f5 17. gxf5 gxf5 18. exf5 Bxf5 19. Nce4 Bxe4 20. dxe4 b6 21.
Ke2 Qf7 22. Qd5 c6 23. Qxf7+ Rxf7 24. Bh3 Rf6 25. Nh5 Rg6 26. Rg1 Kf7 27. Rxg6
Kxg6 28. Rg1+ Kxh5 29. Rxg7 Nf6 30. Bf5 Rg8 31. Bg4+ Kh4 32. Bf2# 1-0

[Event "SR 2. liga A 2008/2009"]
[Site "?"]
[Date "2008.11.08"]
[Round "3.8"]
[White "Grich, Juraj"]
[Black "Diviak, Rastislav"]
[Result "1/2-1/2"]
[WhiteElo "1977"]
[BlackElo "2022"]
[PlyCount "42"]
[EventDate "2008.??.??"]
[WhiteTeam "Slovakia"]
[BlackTeam "Slovakia"]
[WhiteTeamCountry "SVK"]
[BlackTeamCountry "SVK"]

1. d4 d5 2. Nc3 Nf6 3. Bg5 Nbd7 4. Qd3 g6 5. e4 dxe4 6. Nxe4 Nxe4 7. Qxe4 Bg7
8. Nf3 Nf6 9. Bxf6 Bxf6 10. O-O-O O-O 11. g4 c6 12. h4 Be6 13. h5 Qd5 14. Qxd5
Bxd5 15. Be2 Rfd8 16. hxg6 hxg6 17. Rhe1 Bxf3 18. Bxf3 Rac8 19. c3 e6 20. Kc2
Kg7 21. Be4 Bg5 1/2-1/2

[Event "SR 2. liga A 2008/2009"]
[Site "?"]
[Date "2008.11.08"]
[Round "3.8"]
[White "Hajek, Lukas"]
[Black "Navara, Vladimir"]
[Result "0-1"]
[WhiteElo "1587"]
[BlackElo "1814"]
[PlyCount "78"]
[EventDate "2008.??.??"]
[WhiteTeam "Slovakia"]
[BlackTeam "Slovakia"]
[WhiteTeamCountry "SVK"]
[BlackTeamCountry "SVK"]

1. d4 g6 2. c4 Bg7 3. Nc3 d6 4. e3 Nf6 5. Nf3 O-O 6. Bd3 b6 7. Bd2 Bb7 8. Qc2
Qd7 9. h3 Re8 10. O-O-O e5 11. d5 Na6 12. Ne4 Nxe4 13. Bxe4 f5 14. Bxf5 Qxf5
15. e4 Qf7 16. Rdf1 Bc8 17. h4 h6 18. Kb1 Nc5 19. Re1 a5 20. Be3 Nxe4 21. Ka1
Bf5 22. Qc1 h5 23. Ng5 Nxg5 24. Bxg5 e4 25. Bh6 Bxh6 26. Qxh6 Qg7 27. Qxg7+
Kxg7 28. a4 Re7 29. b3 Rae8 30. Re3 Kf6 31. Kb2 Bd7 32. Kc3 Re5 33. Kd4 Rf5 34.
Rf1 Rf4 35. g3 Rf3 36. Rxf3+ exf3 37. Kd3 Re2 38. Kc3 Bh3 39. Rh1 Bg2 0-1

[Event "SR 2. liga A 2008/2009"]
[Site "?"]
[Date "2008.11.08"]
[Round "3.8"]
[White "Kuna, Vladimir"]
[Black "Bincik, Pavol"]
[Result "1/2-1/2"]
[WhiteElo "1890"]
[BlackElo "2066"]
[PlyCount "82"]
[EventDate "2008.??.??"]
[WhiteTeam "Dopr.Podnik BA"]
[BlackTeam "Piestany"]
[WhiteTeamCountry "SVK"]
[BlackTeamCountry "SVK"]

1. d4 d5 2. Nf3 Nf6 3. c4 c6 4. Nc3 dxc4 5. e3 b5 6. a4 b4 7. Na2 e6 8. Bxc4 a5
9. O-O Nbd7 10. b3 Be7 11. Bb2 O-O 12. Nc1 Nb6 13. Be2 Bb7 14. Nd3 Rc8 15. Rc1
Ne4 16. Nfe5 Nd5 17. Bf3 Ndc3 18. Qc2 f6 19. Nc4 f5 20. Nf4 Rf6 21. Nd2 Nxd2
22. Qxd2 Nd5 23. Nd3 Rf8 24. g3 Ba6 25. Rfd1 c5 26. Nxc5 Qd6 27. Nxa6 Qxa6 28.
Bxd5 exd5 29. Rxc8 Rxc8 30. Rc1 g6 31. Rxc8+ Qxc8 32. Qc1 Qxc1+ 33. Bxc1 Kf7
34. Kf1 h5 35. Kg2 Kf6 36. Bd2 Bd6 37. Be1 Bc7 $11 38. Kf3 g5 39. Kg2 g4 40. h3
Bd6 41. hxg4 hxg4 1/2-1/2

[Event "SR 2. liga A 2008/2009"]
[Site "?"]
[Date "2008.11.08"]
[Round "3.8"]
[White "Takacs, Laszlo"]
[Black "Klanica, Anton"]
[Result "1-0"]
[WhiteElo "1726"]
[BlackElo "1956"]
[PlyCount "80"]
[EventDate "2008.??.??"]
[WhiteTeam "Slovakia"]
[BlackTeam "Slovakia"]
[WhiteTeamCountry "SVK"]
[BlackTeamCountry "SVK"]

1. e4 e6 2. d4 d5 3. Nc3 Nf6 4. Bg5 Be7 5. e5 Nfd7 6. h4 c5 7. Bxe7 Kxe7 8. Qg4
Kf8 9. f4 a6 10. Nf3 Nc6 11. Rd1 cxd4 12. Ne2 Qb6 13. Rh3 h5 14. Qg5 Qb4+ 15.
Kf2 Qe7 16. Nexd4 Qxg5 17. hxg5 Nxd4 18. Nxd4 Nc5 19. g4 g6 20. Be2 h4 21. Bf3
Na4 22. Rb1 Bd7 23. Ke3 Rc8 24. Kd2 Ke7 25. Bg2 Rc7 26. c3 Nc5 27. Rbh1 Na4 28.
Kc2 b5 29. a3 a5 30. Rxh4 Rxh4 31. Rxh4 b4 32. axb4 axb4 33. Rh3 bxc3 34. bxc3
Rb7 35. Nb3 Rc7 36. Re3 Nb6 37. Bf1 Ba4 38. Kb2 Bxb3 39. Kxb3 Kd7 40. c4 dxc4+
{time} 1-0

[Event "SR 2. liga A 2008/2009"]
[Site "?"]
[Date "2008.11.09"]
[Round "4.1"]
[White "Frindt, Kornel"]
[Black "Seitler, Andrej"]
[Result "0-1"]
[WhiteElo "2151"]
[BlackElo "2251"]
[PlyCount "132"]
[EventDate "2008.??.??"]
[WhiteTeam "DPS B II"]
[BlackTeam "Piestany"]
[WhiteTeamCountry "SVK"]
[BlackTeamCountry "SVK"]

1. e4 c6 2. d4 d5 3. exd5 cxd5 4. c3 Nf6 5. Nf3 g6 6. Bf4 Nc6 7. Ne5 Bg7 8. Bb5
Bd7 9. Nxd7 Qxd7 10. O-O O-O 11. Nd2 Qf5 12. Qf3 Ne4 13. Qe3 Nxd2 14. Qxd2 a6
15. Bd3 Qd7 16. Rfe1 Rfe8 17. Re3 e5 18. dxe5 Bxe5 19. Bxe5 Rxe5 20. Rxe5 Nxe5
21. Be2 Rd8 22. Rd1 b5 23. Qg5 Qd6 24. Qf4 Nc4 25. Qxd6 Rxd6 26. b3 Ne5 27. f4
Nd7 28. Kf2 Nb6 29. Ke3 Re6+ 30. Kd3 Kf8 31. Bf3 Ke7 $11 32. Kd4 Kd6 33. Rb1
Rf6 34. g3 g5 35. Ke3 gxf4+ 36. gxf4 Re6+ 37. Kf2 Rf6 38. Kg3 Kc5 39. Rd1 a5
40. Be2 Rg6+ 41. Kf3 Rh6 42. Kg3 Rg6+ 43. Kf2 Rh6 44. Kg3 Rg6+ 45. Kf3 Rh6 46.
b4+ axb4 47. cxb4+ Kxb4 48. Rb1+ Kc5 49. Rxb5+ Kc6 50. Rb2 Nc4 51. Bxc4 dxc4
52. Ke4 Kc5 53. a4 c3 54. Rb5+ Kc4 55. Rb7 Re6+ 56. Kf5 Rc6 57. Rb1 c2 58. Rg1
Kb3 59. h4 Kxa4 60. h5 Kb3 61. Kg5 h6+ 62. Kf5 Kb2 63. Rg7 Rc5+ 64. Kf6 c1=Q
65. Kxf7 Rc7+ 66. Kg8 Rxg7+ 0-1

[Event "SR 2. liga A 2008/2009"]
[Site "?"]
[Date "2008.11.09"]
[Round "4.1"]
[White "Janos, Martin"]
[Black "Federic, Jozef"]
[Result "0-1"]
[WhiteElo "2210"]
[BlackElo "2239"]
[PlyCount "113"]
[EventDate "2008.??.??"]
[WhiteTeam "II"]
[BlackTeam "Slovakia"]
[WhiteTeamCountry "SVK"]
[BlackTeamCountry "SVK"]

1. d4 Nf6 2. Bg5 d5 3. Nf3 Nbd7 4. Nc3 c6 5. e3 e6 6. Bd3 Be7 7. h3 b6 8. O-O
Bb7 9. Qe2 c5 10. b3 O-O 11. Bf4 a6 12. Nd1 b5 13. c3 Re8 14. Bh2 Qb6 15. Ne5
Nxe5 16. dxe5 Nd7 17. e4 c4 18. Bc2 Nc5 19. exd5 cxb3 20. axb3 Bxd5 21. Rb1 Qc6
22. f3 Nd7 23. Kh1 Rec8 24. Bg3 Nf8 25. Bd3 Qd7 26. c4 Bc6 27. Nf2 bxc4 28.
bxc4 a5 29. Ne4 Bxe4 30. Bxe4 Rab8 31. Rb5 Bb4 32. f4 Qe7 33. f5 exf5 34. Bxf5
Ne6 35. Qg4 Rxb5 36. cxb5 Rb8 37. Bh4 Qe8 38. Bd3 g6 39. Bc4 Rb7 40. Rd1 Bf8
41. Qe2 Bb4 42. Bxe6 Qxe6 43. Rd8+ Bf8 44. Bf6 Rd7 45. Rxd7 Qxd7 46. Qc4 Qf5
47. Qc1 Qf2 48. Bd8 Qe2 49. b6 Qxe5 50. Bc7 Qb5 51. Qd2 a4 52. Kh2 a3 53. Qd8
Kg7 54. Qb8 Be7 55. b7 a2 56. Qa7 Bf6 57. b8=Q {time} 0-1

[Event "SR 2. liga A 2008/2009"]
[Site "?"]
[Date "2008.11.09"]
[Round "4.1"]
[White "Rachela, Milan"]
[Black "Gasa, Andrej"]
[Result "1/2-1/2"]
[WhiteElo "2358"]
[BlackElo "2201"]
[PlyCount "73"]
[EventDate "2008.??.??"]
[WhiteTeam "II"]
[BlackTeam "Slovakia"]
[WhiteTeamCountry "SVK"]
[BlackTeamCountry "SVK"]

1. Nf3 d5 2. c4 c6 3. b3 dxc4 4. bxc4 e5 5. Nc3 Nd7 6. g3 Ngf6 7. Bg2 Bd6 8.
O-O O-O 9. d3 Nc5 10. Nd2 Qe7 11. Nb3 Rd8 12. Nxc5 Bxc5 13. Rb1 Bf5 14. Bg5 Rd7
15. Qa4 h6 16. Bxf6 Qxf6 17. Rb3 Rc8 18. Qa5 Qe7 19. Rfb1 b6 20. Qa6 Rcc7 21.
Na4 Rd4 22. Nxc5 Qxc5 23. Bf1 Rd8 24. e4 Be6 25. Qa3 Qd4 26. Rc3 c5 27. Qb2 f5
28. exf5 Bxf5 29. Re1 e4 30. Re3 exd3 31. Bxd3 Bxd3 32. Rexd3 Qf6 33. Qd2 Rd4
34. Rxd4 Qxd4 35. Qc2 Rd7 36. Kg2 Qd2 37. Qb3 1/2-1/2

[Event "SR 2. liga A 2008/2009"]
[Site "?"]
[Date "2008.11.09"]
[Round "4.1"]
[White "Rohacek, Miroslav"]
[Black "Stetina, Erik"]
[Result "1-0"]
[WhiteElo "2043"]
[BlackElo "2215"]
[PlyCount "71"]
[EventDate "2008.??.??"]
[WhiteTeam "II"]
[BlackTeam "Slovakia"]
[WhiteTeamCountry "SVK"]
[BlackTeamCountry "SVK"]

1. e4 e6 2. Qe2 c5 3. g3 Nc6 4. Nf3 g6 5. Bg2 Bg7 6. O-O Nge7 7. e5 O-O 8. d3
Nf5 9. c3 b6 10. Bf4 Bb7 11. Nbd2 h6 12. h4 Qc7 13. Rfe1 Rac8 14. Ne4 Kh8 15.
g4 Nfe7 16. Nd6 Rcd8 17. Nxb7 Qxb7 18. Nd2 Qc7 19. Bg3 Nd5 20. Nc4 b5 21. Nd6
Rb8 22. Rac1 Qb6 23. Nxb5 Qxb5 24. c4 Nd4 25. cxb5 Nxe2+ 26. Rxe2 Rxb5 27. Rec2
Rfb8 28. Rxc5 Bf8 29. Rc8 Kg7 30. Rxb8 Rxb8 31. Bxd5 exd5 32. Rc7 Rxb2 33. Rxa7
Bc5 34. Rxd7 Rxa2 35. Rxd5 Bb6 36. Rd7 1-0

[Event "SR 2. liga A 2008/2009"]
[Site "?"]
[Date "2008.11.09"]
[Round "4.1"]
[White "Schwarz, Dusan"]
[Black "Tibensky, Robert"]
[Result "0-1"]
[WhiteElo "2338"]
[BlackElo "2391"]
[PlyCount "54"]
[EventDate "2008.??.??"]
[WhiteTeam "II"]
[BlackTeam "Slovakia"]
[WhiteTeamCountry "SVK"]
[BlackTeamCountry "SVK"]

1. d4 e6 2. c4 f5 3. g3 Nf6 4. Bg2 c6 5. Nf3 d5 6. Qc2 Bd6 7. O-O O-O 8. b3 Qe7
9. Nbd2 b6 10. Ne5 Bb7 11. Bb2 a5 12. f3 Na6 13. Rae1 Rac8 14. e4 fxe4 15. fxe4
Bxe5 16. dxe5 Qc5+ 17. Kh1 Ng4 18. Bh3 Nf2+ 19. Kg2 Rce8 20. Ba3 Qxa3 21. Rxf2
Rxf2+ 22. Kxf2 Nb4 23. Qb1 Nxa2 24. Qa1 Qc5+ 25. Ke2 Nb4 26. Rf1 d4 27. Rf3
Qxe5 0-1

[Event "SR 2. liga A 2008/2009"]
[Site "?"]
[Date "2008.11.09"]
[Round "4.1"]
[White "Tepper, Frantisek"]
[Black "Cvicela, Anton"]
[Result "1/2-1/2"]
[WhiteElo "2162"]
[BlackElo "2217"]
[PlyCount "31"]
[EventDate "2008.??.??"]
[WhiteTeam "II"]
[BlackTeam "Slovakia"]
[WhiteTeamCountry "SVK"]
[BlackTeamCountry "SVK"]

1. e4 c5 2. Nf3 Nc6 3. Bb5 g6 4. O-O Bg7 5. c3 Nf6 6. Re1 O-O 7. d3 a6 8. Ba4
Qc7 9. Nbd2 e5 10. Nf1 d6 11. Ng3 b5 12. Bc2 d5 13. Bg5 d4 14. Qc1 Re8 15. h3
Nd8 16. Bb3 1/2-1/2

[Event "SR 2. liga A 2008/2009"]
[Site "?"]
[Date "2008.11.09"]
[Round "4.2"]
[White "Abel, Peter"]
[Black "Petrik, Stanislav"]
[Result "1-0"]
[WhiteElo "2176"]
[BlackElo "2215"]
[PlyCount "55"]
[EventDate "2008.??.??"]
[WhiteTeam "Piestany"]
[BlackTeam "DPS B II"]
[WhiteTeamCountry "SVK"]
[BlackTeamCountry "SVK"]

1. c4 Nf6 2. Nc3 e6 3. e4 c5 4. e5 Ng8 5. f4 d6 6. d4 cxd4 7. Qxd4 Nc6 8. Qe4
f5 9. exf6 Nxf6 10. Qe2 d5 11. cxd5 Nxd5 12. Nf3 Nxc3 13. bxc3 Qf6 14. Bd2 Bd6
15. Qe4 O-O 16. Bd3 g6 17. O-O Bxf4 18. Ne1 e5 19. g3 Qg5 20. Qd5+ Kg7 21. Bxf4
Qh5 22. Be3 Bh3 23. Rxf8 Rxf8 24. Bc4 Qf5 25. Ng2 Rd8 26. Rf1 Qg4 27. Qf7+ Kh8
28. Qf6# 1-0

[Event "SR 2. liga A 2008/2009"]
[Site "?"]
[Date "2008.11.09"]
[Round "4.2"]
[White "Arendas, Marek"]
[Black "Hrivnak, Martin"]
[Result "1/2-1/2"]
[WhiteElo "2109"]
[BlackElo "2169"]
[PlyCount "34"]
[EventDate "2008.??.??"]
[WhiteTeam "Slovakia"]
[BlackTeam "II"]
[WhiteTeamCountry "SVK"]
[BlackTeamCountry "SVK"]

1. e4 d6 2. d4 g6 3. g3 Nf6 4. Bg2 Bg7 5. Nc3 O-O 6. Nge2 e5 7. dxe5 dxe5 8.
Qxd8 Rxd8 9. Bg5 c6 10. O-O h6 11. Rad1 Re8 12. Bc1 Na6 13. a3 Bg4 14. h3 Bxe2
15. Nxe2 Nc5 16. Nc3 Bf8 17. Be3 Ne6 1/2-1/2

[Event "SR 2. liga A 2008/2009"]
[Site "?"]
[Date "2008.11.09"]
[Round "4.2"]
[White "Federic, Pavol"]
[Black "Machalova, Veronika"]
[Result "1/2-1/2"]
[WhiteElo "2238"]
[BlackElo "2187"]
[PlyCount "198"]
[EventDate "2008.??.??"]
[WhiteTeam "Slovakia"]
[BlackTeam "II"]
[WhiteTeamCountry "SVK"]
[BlackTeamCountry "SVK"]

1. e4 c5 2. Nf3 d6 3. d4 cxd4 4. Nxd4 Nf6 5. Nc3 Nc6 6. Be2 a6 7. Be3 e6 8. O-O
Be7 9. a4 O-O 10. Kh1 Qc7 11. f4 Nxd4 12. Bxd4 e5 13. Be3 exf4 14. Rxf4 Be6 15.
Nd5 Bxd5 16. exd5 Nd7 17. Ra3 Bf6 18. Rb3 Be5 19. Rfb4 Nc5 20. Bxc5 Qxc5 21.
Rxb7 Rac8 22. c3 Qa5 23. R3b6 Qc5 24. Bxa6 Qf2 25. Rb4 Rc5 26. R7b5 g6 27. Qg1
Qd2 28. Rxc5 dxc5 29. Qxc5 Bd6 30. Qd4 Qe1+ 31. Qg1 Qxg1+ 32. Kxg1 Bxb4 33.
cxb4 Rb8 34. Bb5 Kf8 35. Kf2 Ke7 36. Ke3 Kd6 37. Kd4 f5 38. Kc4 f4 39. Bc6 g5
40. a5 g4 41. a6 f3 42. gxf3 gxf3 43. a7 Rf8 44. Kd4 f2 45. Bb5 Ra8 46. Ke3
Rxa7 47. Kxf2 Ra2 48. Be2 Rxb2 49. b5 Kxd5 50. Kf3 Kd4 51. h4 Rb3+ 52. Kg4 Ke3
53. Bd1 Rxb5 54. Bc2 h5+ 55. Kg3 Rd5 56. Bg6 Rc5 57. Bf7 Rf5 58. Be8 Rf3+ 59.
Kg2 Rf8 60. Bxh5 Rh8 61. Bg4 Rxh4 62. Kg3 Rh7 63. Bf5 Rg7+ 64. Kh4 Kf4 65. Bd3
Rg3 66. Bh7 Rg1 67. Kh5 Rh1+ 68. Kg6 Ke5 69. Kg7 Rg1+ 70. Kh8 Kf6 71. Bg8 Re1
72. Bh7 Kf7 73. Bg8+ Kg6 74. Bh7+ Kh6 75. Bg8 Re7 76. Bc4 Rc7 77. Bd5 Re7 78.
Bc4 Rd7 79. Bb3 Kg6 80. Bc2+ Kf7 81. Bb3+ Kf6 82. Ba2 Rg7 83. Bb3 Kg6 84. Bc2+
Kh6 85. Bb3 Rc7 86. Bd5 Rh7+ 87. Kg8 Rd7 88. Bc4 Re7 89. Bd3 Re3 90. Bc2 Rc3
91. Be4 Kg5 92. Kh8 Kf6 93. Bh7 Rh3 94. Kg8 Rc3 95. Kh8 Kf7 96. Bg8+ Kf8 97.
Bh7 Rc7 98. Bg8 Rc6 99. Bh7 Rf6 1/2-1/2

[Event "SR 2. liga A 2008/2009"]
[Site "?"]
[Date "2008.11.09"]
[Round "4.2"]
[White "Klemanic, Emil"]
[Black "Pacher, Milan"]
[Result "1/2-1/2"]
[WhiteElo "2230"]
[BlackElo "2357"]
[PlyCount "70"]
[EventDate "2008.??.??"]
[WhiteTeam "Slovakia"]
[BlackTeam "II"]
[WhiteTeamCountry "SVK"]
[BlackTeamCountry "SVK"]

1. e4 e5 2. Nc3 Nf6 3. f4 d5 4. fxe5 Nxe4 5. Nf3 Be7 6. d3 Nxc3 7. bxc3 O-O 8.
Be2 c5 9. O-O Nc6 10. Qe1 f6 11. d4 Bf5 12. Bd3 Qd7 13. Qg3 fxe5 14. dxe5 c4
15. Bxf5 Bc5+ 16. Kh1 Qxf5 17. Bh6 Rf7 18. Rae1 Re8 19. Nd2 Qg6 20. Qxg6 Rxf1+
21. Nxf1 hxg6 22. Bf4 d4 23. cxd4 Bxd4 24. Ne3 Bxe3 25. Rxe3 Nb4 26. Re4 b5 27.
e6 Nxc2 28. Bd6 a5 29. e7 Kf7 30. Kg1 Nb4 31. a4 bxa4 32. Rxc4 a3 33. Rf4+ Ke6
34. Bxb4 axb4 35. Rxb4 Rxe7 1/2-1/2

[Event "SR 2. liga A 2008/2009"]
[Site "?"]
[Date "2008.11.09"]
[Round "4.2"]
[White "Skreno, Vladimir"]
[Black "Janos, Jozef"]
[Result "1-0"]
[WhiteElo "2208"]
[BlackElo "2244"]
[PlyCount "78"]
[EventDate "2008.??.??"]
[WhiteTeam "Slovakia"]
[BlackTeam "II"]
[WhiteTeamCountry "SVK"]
[BlackTeamCountry "SVK"]

1. d4 Nf6 2. Nf3 g6 3. c4 Bg7 4. Nc3 O-O 5. e4 d6 6. Be2 Nc6 7. O-O e5 8. d5
Ne7 9. Ne1 Ne8 10. f3 f5 11. g4 f4 12. h4 Kh8 13. Bd2 Ng8 14. Ng2 Bf6 15. Be1
Be7 16. Kh2 a5 17. a3 Ngf6 18. Bf2 Qd7 19. Rh1 h5 20. g5 Ng4+ 21. Kg1 Nxf2 22.
Kxf2 c6 23. Ne1 Bd8 24. c5 dxc5 25. dxc6 Qd4+ 26. Kg2 bxc6 27. Qc2 Qd6 28. Rd1
Qc7 29. Na4 Be7 30. Nxc5 Ng7 31. Ned3 Re8 32. Rc1 Kh7 33. Rhd1 Rb8 34. Qc3 Bf8
35. Rd2 Rb5 36. Na4 Rb8 37. Ndc5 Ne6 38. Nxe6 Rxe6 39. Nc5 Bxc5 1-0

[Event "SR 2. liga A 2008/2009"]
[Site "?"]
[Date "2008.11.09"]
[Round "4.2"]
[White "Sosovicka, Juraj"]
[Black "Varga, David"]
[Result "0-1"]
[WhiteElo "2040"]
[BlackElo "2270"]
[PlyCount "78"]
[EventDate "2008.??.??"]
[WhiteTeam "Slovakia"]
[BlackTeam "II"]
[WhiteTeamCountry "SVK"]
[BlackTeamCountry "SVK"]

1. e4 e6 2. d4 d5 3. Nc3 Nf6 4. Bg5 Bb4 5. e5 h6 6. Bd2 Bxc3 7. bxc3 Ne4 8. Qg4
g6 9. Nf3 c5 10. Bd3 Nxd2 11. Kxd2 Bd7 12. Rab1 b6 13. h4 Nc6 14. h5 g5 15. Bb5
Na5 16. Bxd7+ Qxd7 17. Nh2 Rc8 18. Qe2 cxd4 19. cxd4 Nc4+ 20. Ke1 Na3 21. Rc1
Qa4 22. c3 Nb5 23. Qd3 Nxd4 24. Ng4 Nc2+ 25. Rxc2 Qxg4 26. Qb5+ Kf8 27. Qd7 Kg7
28. f3 Qf5 29. Kd2 d4 30. c4 d3 31. Rc3 Qf4+ 32. Kd1 Rhd8 33. Qb5 Rc5 34. Qb3
d2 35. Rd3 Rxd3 36. Qxd3 Rxc4 37. Ke2 Qxe5+ 38. Kf2 Rc1 39. Rf1 Qe1+ 0-1